000 01349naa a22002657a 4500
001 BR7375362
003 BR-BrBNA
005 20240918173546.0
007 ta
008 230509b bl.||||| |||| 00| 0 por d
040 _aBR-BrBNA
_bpor
_cBiblioteca Nacional de Agricultura
041 _a(Pt)
072 _aE10
_b/G514
090 _aE10 BR7375362
100 1 _aCosta, J.
111 1 _aSeminario Sul-Americano de Credito Agricola
_cRecife, PE (Brazil)
_d1 Sep 1958
245 1 _aPesquisa no setor de credito agricola, pesquisa socio-economicas que se devem empreender nas regioes para as quais se deseja canalizar credito agricola. Pontos que devem ser incluidos. Importancia de tais pesquisas para a eficiencia de um sistema de credito agricola [Brasil]
260 3 _aRio de Janeiro, GB (Brasil):
_c1958.
500 _aTrabalhos apresentados pelo Servico de Economia Rural, Ministerio da Agricultura ao Seminario Sul-Americano de Credito Agricola Rio de Janeiro, GB (Brasil): 1958. p. 41-43 (BR7375362-AM)E10
650 _aCREDITO AGRICOLA
650 _aPESQUISA SOCIAL
773 0 _tTrabalhos apresentados pelo Servico de Economia Rural, Ministerio da Agricultura ao Seminario Sul-Americano de Credito Agricola
_wE10 BR7375362
_gRio de Janeiro, GB (Brasil), 1958. p. 41-43
909 _a202404
_bLucia
_c55
_dLucia Elande
942 _cAM
_2AGRIS
999 _c305392
_d305392